000 00307nam a22001337a 4500
020 _a0-88899-221-1
082 _a823
_bLOT/T
100 _aLOOTRIDGE, CELIA BARKER
245 _aTICKET TO CURLEW
260 _aTORONTO
_bGROUNDWOOD BOOKS
_c1999
300 _a144
650 _aNOVEL
_zUNITED STATES
942 _cBK
999 _c3467
_d3467